Competitividad, desafío global para el reto local : (Record no. 2809)
[ view plain ]
| 000 -CABECERA | |
|---|---|
| campo de control de longitud fija | 00843nam a2200241 a 4500 |
| 001 - NÚMERO DE CONTROL | |
| campo de control | 000002977 |
| 003 - IDENTIFICADOR DEL NÚMERO DE CONTROL | |
| campo de control | DO-SdBNP |
| 005 - FECHA Y HORA DE LA ÚLTIMA TRANSACCIÓN | |
| campo de control | 20250909100720.0 |
| 008 - DATOS DE LONGITUD FIJA--INFORMACIÓN GENERAL | |
| campo de control de longitud fija | 090706s2006 dr a r 000 0 spa d |
| 020 ## - NÚMERO INTERNACIONAL ESTÁNDAR DEL LIBRO | |
| Número Internacional Estándar del Libro | 9945433008 |
| 040 ## - FUENTE DE LA CATALOGACIÓN | |
| Centro catalogador/agencia de origen | DO-SdBNP |
| Lengua de catalogación | spa |
| Centro/agencia transcriptor | BNPHU |
| 049 ## - FONDOS LOCALES (OCLC) | |
| Fondos de biblioteca | BNPD |
| 082 ## - NÚMERO DE LA CLASIFICACIÓN DECIMAL DEWEY | |
| Número de clasificación | 338.6048 |
| Número de documento/Ítem | V228c |
| 100 1# - ENTRADA PRINCIPAL--NOMBRE DE PERSONA | |
| Nombre de persona | Van der Horst Álvarez, Andrés |
| 9 (RLIN) | 9451 |
| 245 10 - MENCIÓN DE TÍTULO | |
| Título | Competitividad, desafío global para el reto local : |
| Resto del título | caso dominicano / |
| Mención de responsabilidad, etc. | Andrés Van der Horst Álvarez ; prólogo, René Villarreal. |
| 260 ## - PUBLICACIÓN, DISTRIBUCIÓN, ETC. | |
| Lugar de publicación, distribución, etc. | Santo Domingo : |
| Nombre del editor, distribuidor, etc. | Corripio, |
| Fecha de publicación, distribución, etc. | 2006. |
| 300 ## - DESCRIPCIÓN FÍSICA | |
| Extensión | 161 p. : |
| Otras características físicas | il. ; |
| Dimensiones | 24 cm. |
| 500 ## - NOTA GENERAL | |
| Nota general | Incluye índice. |
| 650 #7 - PUNTO DE ACCESO ADICIONAL DE MATERIA--TÉRMINO DE MATERIA | |
| Término de materia o nombre geográfico como elemento de entrada | Competencia económica |
| Subdivisión geográfica | República Dominicana |
| 9 (RLIN) | 8351 |
| 651 #4 - PUNTO DE ACCESO ADICIONAL DE MATERIA--NOMBRE GEOGRÁFICO | |
| Nombre geográfico | República Dominicana |
| Subdivisión general | Condiciones económicas |
| Subdivisión cronológica | 1961- |
| 9 (RLIN) | 7344 |
| 700 1# - PUNTO DE ACCESO ADICIONAL--NOMBRE DE PERSONA | |
| Nombre de persona | Villarreal, René, |
| Fechas asociadas al nombre | pról. |
| 9 (RLIN) | 9453 |
| 942 ## - ELEMENTOS DE PUNTO DE ACCESO ADICIONAL (KOHA) | |
| Fuente del sistema de clasificación o colocación | Dewey Decimal Classification |
| Tipo de ítem Koha | Libro |
| Estado de retiro | Estado de pérdida | Restricciones de uso | No para préstamo | Código de colección | Localización permanente | Ubicación/localización actual | Ubicación en estantería | Fecha de adquisición | Número de inventario | Total de préstamos | Signatura topográfica completa | Código de barras | Fecha visto por última vez | Número de copia | Precio válido a partir de | Tipo de ítem Koha |
|---|---|---|---|---|---|---|---|---|---|---|---|---|---|---|---|---|
| Dominicana de Servicio | General | General | En catalogación | 06.07.2009 | LF1 | 338.6048 V228c | 2977-30 | 25.06.2020 | e. 3 | 25.06.2020 | Libro y Folleto Colección Dominicana de Servicio | |||||
| Dominicana de Servicio | General | General | En catalogación | 29.01.2010 | LF1 | 338.6048 V228c | 2977-40 | 25.06.2020 | e. 4 | 25.06.2020 | Libro y Folleto Colección Dominicana de Servicio | |||||
| Dominicana de Servicio | General | General | En catalogación | 29.01.2010 | LF1 | 338.6048 V228c | 2977-50 | 25.06.2020 | e. 5 | 25.06.2020 | Libro y Folleto Colección Dominicana de Servicio | |||||
| Excluido de préstamo | Patrimonio Dominicano | Patrimonio Dominicano | Patrimonio Dominicano | En catalogación | 06.07.2009 | LF1 | 338.6048 V228c | 2977-10 | 25.06.2020 | 25.06.2020 | Libro y Folleto Colección Patrimonio Dominicano | |||||
| Excluido de préstamo | Patrimonio Dominicano | Patrimonio Dominicano | Patrimonio Dominicano | En catalogación | 06.07.2009 | LF1 | 338.6048 V228c | 2977-20 | 25.06.2020 | e. 2 | 25.06.2020 | Libro y Folleto Colección Patrimonio Dominicano |
